2010ワールドカップ総合順位 - Statistics

General Stats
  • This quiz has been taken 156 times
  • The average score is 23 of 32
Answer Stats
成績 順位 Answer % Correct
ベスト4 3位 ドイツ
98%
ベスト8 5位 アルゼンチン
98%
ベスト8 6位 ブラジル
97%
ベスト16 9位 日本
97%
優勝 1位 スペイン
95%
ベスト16 15位 韓国
95%
グループステージ敗退 29位 フランス
94%
ベスト16 12位 アメリカ
90%
ベスト16 13位 イングランド
90%
グループステージ敗退 26位 イタリア
90%
ベスト16 11位 ポルトガル
88%
グループステージ敗退 21位 オーストラリア
86%
準優勝 2位 オランダ
82%
ベスト16 14位 メキシコ
82%
グループステージ敗退 19位 スイス
77%
グループステージ敗退 20位 南アフリカ共和国
76%
ベスト16 10位 チリ
74%
ベスト4 4位 ウルグアイ
72%
グループステージ敗退 24位 デンマーク
71%
ベスト8 8位 パラグアイ
62%
グループステージ敗退 22位 ニュージーランド
59%
グループステージ敗退 25位 ギリシャ
55%
グループステージ敗退 28位 アルジェリア
55%
グループステージ敗退 31位 カメルーン
55%
グループステージ敗退 32位 朝鮮民主主義人民共和国
55%
グループステージ敗退 27位 ナイジェリア
54%
ベスト8 7位 ガーナ
53%
ベスト16 16位 スロバキア
50%
グループステージ敗退 17位 コートジボワール
50%
グループステージ敗退 23位 セルビア
50%
グループステージ敗退 18位 スロベニア
45%
グループステージ敗退 30位 ホンジュラス
36%
No matching quizzes found
Score Distribution
Percent of People with Each Score
Percentile by Number Answered
Your Score History
You have not taken this quiz